First report of Erysiphe necator causing powdery mildew to rubber tree (Hevea brasiliensis) in Brazil (Record no. 59440)

MARC details
000 -LEADER
fixed length control field 00623nam a2200217Ia 4500
100 ## - MAIN ENTRY--AUTHOR NAME
Personal name Pieroni L.de P
245 #0 - TITLE STATEMENT
Title First report of Erysiphe necator causing powdery mildew to rubber tree (Hevea brasiliensis) in Brazil
260 ## - PUBLICATION, DISTRIBUTION, ETC. (IMPRINT)
Name of publisher Plant disease
Year of publication 2020
650 ## - SUBJECT ADDED ENTRY--TOPICAL TERM
Topical Term Erysiphe necator
650 ## - SUBJECT ADDED ENTRY--TOPICAL TERM
Topical Term Powdery mildew
700 ## - ADDED ENTRY--PERSONAL NAME
Personal name Benso L.A
700 ## - ADDED ENTRY--PERSONAL NAME
Personal name De Pieri C
700 ## - ADDED ENTRY--PERSONAL NAME
Personal name Furtado E
700 ## - ADDED ENTRY--PERSONAL NAME
Personal name Gil J.F.S
700 ## - ADDED ENTRY--PERSONAL NAME
Personal name Gorayeb E
700 ## - ADDED ENTRY--PERSONAL NAME
Personal name Kurokawa S.Y.S
700 ## - ADDED ENTRY--PERSONAL NAME
Personal name Siqueira O.A.P.A
856 ## - ELECTRONIC LOCATION AND ACCESS
Uniform Resource Identifier doi.org/10.1094/PDIS-04-20-0848-PDN
942 ## - ADDED ENTRY ELEMENTS (KOHA)
Koha item type Journals
Holdings
Withdrawn status Lost status Damaged status Not for loan Home library Current library Shelving location Date acquired Serial Enumeration / chronology Koha item type
      Journals RRII Library RRII Library Pathology 17/12/2021 Volume 21, Issue May Journals